000 00304nam a2200133Ia 4500
008 191201s2012 xx 000 0 und d
100 _aUPADHYAY, AK
245 0 _aApplied Mechanics
250 _aRep
260 _aN. Delhi
_bS.K.Kataria
_c2012
300 _a416
650 _aB.Tech(CE)
942 _2ddc
_cBK
999 _c5418
_d5418